000 00367nam a2200133Ia 4500
008 151001s9999||||xx |||||||||||||| ||und||
100 _aअरुण शेवते
245 _aतेव्हाची गोष्ट
250 _a1
260 _bअनघा प्रकाशन ठाणे
260 _c2006
300 _a136
365 _b21
999 _c986123
_d986120